|
|
|
|
| LEADER |
00000nam a2200000 a 4500 |
| 001 |
vtls001408441 |
| 003 |
SK-MaSNL |
| 005 |
20260301120255.0 |
| 008 |
240314s1981 xx 0 und |
| 035 |
|
|
|a SNK000363109
|
| 040 |
|
|
|a SNK
|b slo
|c SNK
|e AACR2
|
| 100 |
1 |
|
|a Křemen, Jaromír
|4 aut
|9 315658
|
| 245 |
1 |
0 |
|a Spojitý dynamický systém a jeho simulace na počítači
|
| 260 |
|
|
|a Praha
|b Státní nakladatelství technické literatury
|c 1981
|
| 300 |
|
|
|a 155 s.
|
| 958 |
|
|
|a OND
|
| 999 |
|
|
|c 725311
|d 727241
|
| 952 |
|
|
|t P60, <04>, [BOOK], {604}
|a SNK
|b SNK
|y VYP
|7 0
|p 17A0268651
|o snkIC 85493 D1
|i snkKIP 9611/81
|0 0
|1 1
|4 0
|d 2001-02-27
|l 0
|r 2005-01-02 00:00:00
|w 2026-02-23
|